| 000 | 00431nam a2200181Ia 4500 | ||
|---|---|---|---|
| 003 | 0STCL | ||
| 008 | 150530s9999 xx 000 0 und d | ||
| 040 |
_aSTCL _cSTCL |
||
| 100 | _aChandrasekhar Sastri | ||
| 245 | _aParishkrit Hindi Vyakaran | ||
| 250 | _a1 | ||
| 260 |
_bRashtrabhasha Sansthan, Yamuna Vihar _c2009 _aDelhi |
||
| 300 | _a0 | ||
| 546 | _aHindi | ||
| 942 |
_2ddc _cBK |
||
| 999 |
_c17626 _d17626 |
||
| 005 | 20220125165812.0 | ||